Pays avec le point le plus au Sud le plus au Nord - Statistiques

Statistiques générales
  • Ce quiz a été pris 109 fois
  • Le résultat moyen est 18 sur 20
Statistiques - réponses
Latitude Pays % Correct
58.00 °N Norvège
99%
63.23 °N Islande
98%
59.48 °N Finlande
97%
54.34 °N Danemark
96%
55.20 °N Suède
96%
57.31 °N Estonie
94%
53.54 °N Lituanie
94%
55.40 °N Lettonie
93%
49.57 °N Royaume-Uni
90%
51.26 °N Irlande
89%
49.30 °N Belgique
88%
50.16 °N Pays-Bas
88%
49.00 °N Pologne
88%
51.15 °N Biélorussie
86%
48.33 °N République tchèque
85%
47.17 °N Allemagne
82%
49.27 °N Luxembourg
82%
47.44 °N Slovaquie
78%
46.23 °N Autriche
77%
47.03 °N Liechtenstein
73%
Aucun quiz correspondant
Distribution des résultats
% des personnes avec chaque résultat
Percentile par nombre de réponses
Votre historique - résultats
Vous n’avez pas pris ce quiz